| 000 | 00682cab a2200241 4500 | ||
|---|---|---|---|
| 001 | ABS40971 | ||
| 008 | 090401t1989 xxu||||| |||| 00| 0 eng d | ||
| 035 | _a(Sirsi) u27234 | ||
| 041 | _aeng | ||
| 100 | _aSheehan, A. | ||
| 245 | _aWarranties need luck, finance and records | ||
| 260 | _c1989 | ||
| 350 | _a0 | ||
| 490 |
_aBuilding Today _v197(5812) 29 June 1989, 20-21(2) |
||
| 520 | _aExamines the flood of new guarantees for specialised works and analyses how likely they are to succeed. | ||
| 650 | _aBUILDMARK | ||
| 650 | _aFOUNDATION 15 | ||
| 650 | _aNHBC | ||
| 650 | _aSTRUCTURAL WARRANTIES | ||
| 690 |
_aInsurance _96249 |
||
| 942 | _n0 | ||
| 948 | _c04/03/1997 | ||
| 999 |
_c18333 _d18333 |
||